Textbook of operative dentistry
Bewaard in:
| Hoofdauteur: | |
|---|---|
| Formaat: | Boek |
| Taal: | Engels |
| Gepubliceerd in: |
CBS Publishers
2016
|
| Tags: |
Voeg label toe
Geen labels, Wees de eerste die dit record labelt!
|
MARC
| LEADER | 00000nam a22000007a 4500 | ||
|---|---|---|---|
| 008 | 211028b ||||| |||| 00| 0 eng d | ||
| 020 | |a 9788123928876 | ||
| 100 | |a SIKRI, Vimal K. | ||
| 245 | |a Textbook of operative dentistry |c Vimal K. Sikri |g xix,657p.ill. | ||
| 260 | |b CBS Publishers |c 2016 |h New Delhi |i 697064 |i 697065 |l RK501.Si2 |m Dentistry, Operative |m Mouth--Diseases | ||
| 500 | |a It includes appendix, bibliography and index | ||
| 942 | |a lcc |c BK |e Kuteyi M. A. |f 28/10/2021 | ||
| 952 | |0 0 |1 0 |2 lcc |4 0 |6 RK0501 S I2 |7 0 |9 3757 |a HOL |b HOL |c QZ |d 2021-10-28 |l 0 |o RK501.Si2 |p 2021-67490 |r 2021-10-28 00:00:00 |w 2021-10-28 |y BK | ||
| 952 | |0 0 |1 0 |2 lcc |4 0 |6 RK0501 S I2 |7 0 |9 3758 |a HOL |b ML |c QZ |d 2021-10-28 |l 0 |o RK501.Si2 |p 2021-67491 |r 2021-10-28 00:00:00 |w 2021-10-28 |y BK | ||
| 999 | |c 1871 |d 1871 | ||